<?xml version="1.0" encoding="UTF-8"?>
<collection xmlns="http://www.loc.gov/MARC21/slim">
 <record>
  <leader>06455cam a2200973   4500</leader>
  <controlfield tag="001">33781340X</controlfield>
  <controlfield tag="003">DE-627</controlfield>
  <controlfield tag="005">20221216082749.0</controlfield>
  <controlfield tag="007">tu</controlfield>
  <controlfield tag="008">011205s2001    gw ||||| m    00| ||ger c</controlfield>
  <datafield tag="015" ind1=" " ind2=" ">
   <subfield code="a">01,N51,0257</subfield>
   <subfield code="2">dnb</subfield>
  </datafield>
  <datafield tag="016" ind1="7" ind2=" ">
   <subfield code="a">963109898</subfield>
   <subfield code="2">DE-101</subfield>
  </datafield>
  <datafield tag="020" ind1=" " ind2=" ">
   <subfield code="a">3923708114</subfield>
   <subfield code="c">Gb. : EUR 48.00 (freier Pr., ab 1.1.2002)</subfield>
   <subfield code="9">3-923708-11-4</subfield>
  </datafield>
  <datafield tag="035" ind1=" " ind2=" ">
   <subfield code="a">(DE-627)33781340X</subfield>
  </datafield>
  <datafield tag="035" ind1=" " ind2=" ">
   <subfield code="a">(DE-576)096253657</subfield>
  </datafield>
  <datafield tag="035" ind1=" " ind2=" ">
   <subfield code="a">(DE-599)DNB963109898</subfield>
  </datafield>
  <datafield tag="035" ind1=" " ind2=" ">
   <subfield code="a">(OCoLC)237516893</subfield>
  </datafield>
  <datafield tag="035" ind1=" " ind2=" ">
   <subfield code="a">(OCoLC)52048164</subfield>
  </datafield>
  <datafield tag="035" ind1=" " ind2=" ">
   <subfield code="a">(OCoLC)1078742364</subfield>
  </datafield>
  <datafield tag="040" ind1=" " ind2=" ">
   <subfield code="a">DE-627</subfield>
   <subfield code="b">ger</subfield>
   <subfield code="c">DE-627</subfield>
   <subfield code="e">rakwb</subfield>
  </datafield>
  <datafield tag="041" ind1=" " ind2=" ">
   <subfield code="a">ger</subfield>
  </datafield>
  <datafield tag="044" ind1=" " ind2=" ">
   <subfield code="c">XA-DE</subfield>
   <subfield code="c">XA-DE-RP</subfield>
  </datafield>
  <datafield tag="082" ind1="0" ind2="4">
   <subfield code="a">340</subfield>
  </datafield>
  <datafield tag="084" ind1=" " ind2=" ">
   <subfield code="a">19</subfield>
   <subfield code="2">sdnb</subfield>
  </datafield>
  <datafield tag="084" ind1=" " ind2=" ">
   <subfield code="a">63</subfield>
   <subfield code="a">19</subfield>
   <subfield code="2">sdnb</subfield>
  </datafield>
  <datafield tag="084" ind1=" " ind2=" ">
   <subfield code="a">NF 1150</subfield>
   <subfield code="q">BVB</subfield>
   <subfield code="2">rvk</subfield>
   <subfield code="0">(DE-625)rvk/125206:</subfield>
  </datafield>
  <datafield tag="084" ind1=" " ind2=" ">
   <subfield code="a">NT 3500</subfield>
   <subfield code="q">BVB</subfield>
   <subfield code="2">rvk</subfield>
   <subfield code="0">(DE-625)rvk/131058:</subfield>
  </datafield>
  <datafield tag="084" ind1=" " ind2=" ">
   <subfield code="a">PD 7000</subfield>
   <subfield code="2">rvk</subfield>
   <subfield code="0">(DE-625)rvk/135336:</subfield>
  </datafield>
  <datafield tag="084" ind1=" " ind2=" ">
   <subfield code="a">PW 5600</subfield>
   <subfield code="2">rvk</subfield>
   <subfield code="0">(DE-625)rvk/140930:</subfield>
  </datafield>
  <datafield tag="084" ind1=" " ind2=" ">
   <subfield code="a">NZ 10550</subfield>
   <subfield code="2">rvk</subfield>
   <subfield code="0">(DE-625)rvk/132425:</subfield>
  </datafield>
  <datafield tag="084" ind1=" " ind2=" ">
   <subfield code="a">15.13</subfield>
   <subfield code="2">bkl</subfield>
  </datafield>
  <datafield tag="084" ind1=" " ind2=" ">
   <subfield code="a">86.09</subfield>
   <subfield code="2">bkl</subfield>
  </datafield>
  <datafield tag="084" ind1=" " ind2=" ">
   <subfield code="a">15.19</subfield>
   <subfield code="2">bkl</subfield>
  </datafield>
  <datafield tag="084" ind1=" " ind2=" ">
   <subfield code="a">15.48</subfield>
   <subfield code="2">bkl</subfield>
  </datafield>
  <datafield tag="084" ind1=" " ind2=" ">
   <subfield code="a">86.21</subfield>
   <subfield code="2">bkl</subfield>
  </datafield>
  <datafield tag="100" ind1="1" ind2=" ">
   <subfield code="a">Fischer zu Cramburg, Ralf</subfield>
   <subfield code="0">(DE-588)12334767X</subfield>
   <subfield code="0">(DE-627)082500231</subfield>
   <subfield code="0">(DE-576)293668051</subfield>
   <subfield code="4">aut</subfield>
  </datafield>
  <datafield tag="245" ind1="1" ind2="4">
   <subfield code="a">Das Schatzregal</subfield>
   <subfield code="b">der obrigkeitliche Anspruch auf das Eigentum an Schatzfunden in den deutschen Rechten</subfield>
   <subfield code="c">Ralf Fischer zu Cramburg. Hrsg.: Gerd Martin Forneck und Konrad Schneider</subfield>
  </datafield>
  <datafield tag="263" ind1=" " ind2=" ">
   <subfield code="a">Gb. : EUR 48.00 (freier Pr., ab 1.1.2002)</subfield>
  </datafield>
  <datafield tag="264" ind1=" " ind2="1">
   <subfield code="a">Höhr-Grenzhausen</subfield>
   <subfield code="b">Numismatischer Verl. Forneck</subfield>
   <subfield code="c">2001</subfield>
  </datafield>
  <datafield tag="300" ind1=" " ind2=" ">
   <subfield code="a">222 S.</subfield>
   <subfield code="b">graph. Darst., Kt.</subfield>
   <subfield code="c">21 cm</subfield>
  </datafield>
  <datafield tag="336" ind1=" " ind2=" ">
   <subfield code="a">Text</subfield>
   <subfield code="b">txt</subfield>
   <subfield code="2">rdacontent</subfield>
  </datafield>
  <datafield tag="337" ind1=" " ind2=" ">
   <subfield code="a">ohne Hilfsmittel zu benutzen</subfield>
   <subfield code="b">n</subfield>
   <subfield code="2">rdamedia</subfield>
  </datafield>
  <datafield tag="338" ind1=" " ind2=" ">
   <subfield code="a">Band</subfield>
   <subfield code="b">nc</subfield>
   <subfield code="2">rdacarrier</subfield>
  </datafield>
  <datafield tag="490" ind1="1" ind2=" ">
   <subfield code="a">Veröffentlichungen der Gesellschaft für Historische Hilfswissenschaften</subfield>
   <subfield code="v">6</subfield>
  </datafield>
  <datafield tag="500" ind1=" " ind2=" ">
   <subfield code="a">Literaturverz.S. 208 - 219</subfield>
  </datafield>
  <datafield tag="502" ind1=" " ind2=" ">
   <subfield code="a">Zugl.: Trier, Univ., Diss., 2001</subfield>
  </datafield>
  <datafield tag="655" ind1=" " ind2="7">
   <subfield code="a">Hochschulschrift</subfield>
   <subfield code="0">(DE-588)4113937-9</subfield>
   <subfield code="0">(DE-627)105825778</subfield>
   <subfield code="0">(DE-576)209480580</subfield>
   <subfield code="2">gnd-content</subfield>
  </datafield>
  <datafield tag="689" ind1="0" ind2="0">
   <subfield code="d">g</subfield>
   <subfield code="0">(DE-588)4011882-4</subfield>
   <subfield code="0">(DE-627)104704861</subfield>
   <subfield code="0">(DE-576)208896155</subfield>
   <subfield code="a">Deutschland</subfield>
   <subfield code="2">gnd</subfield>
  </datafield>
  <datafield tag="689" ind1="0" ind2="1">
   <subfield code="d">s</subfield>
   <subfield code="0">(DE-588)4179412-6</subfield>
   <subfield code="0">(DE-627)105333840</subfield>
   <subfield code="0">(DE-576)209991100</subfield>
   <subfield code="a">Schatzfund</subfield>
   <subfield code="2">gnd</subfield>
  </datafield>
  <datafield tag="689" ind1="0" ind2="2">
   <subfield code="d">s</subfield>
   <subfield code="0">(DE-588)4177364-0</subfield>
   <subfield code="0">(DE-627)105349151</subfield>
   <subfield code="0">(DE-576)209977132</subfield>
   <subfield code="a">Regal</subfield>
   <subfield code="g">Recht</subfield>
   <subfield code="2">gnd</subfield>
  </datafield>
  <datafield tag="689" ind1="0" ind2=" ">
   <subfield code="5">DE-101</subfield>
  </datafield>
  <datafield tag="689" ind1="1" ind2="0">
   <subfield code="d">g</subfield>
   <subfield code="0">(DE-588)4011882-4</subfield>
   <subfield code="0">(DE-627)104704861</subfield>
   <subfield code="0">(DE-576)208896155</subfield>
   <subfield code="a">Deutschland</subfield>
   <subfield code="2">gnd</subfield>
  </datafield>
  <datafield tag="689" ind1="1" ind2="1">
   <subfield code="d">s</subfield>
   <subfield code="0">(DE-588)4179412-6</subfield>
   <subfield code="0">(DE-627)105333840</subfield>
   <subfield code="0">(DE-576)209991100</subfield>
   <subfield code="a">Schatzfund</subfield>
   <subfield code="2">gnd</subfield>
  </datafield>
  <datafield tag="689" ind1="1" ind2="2">
   <subfield code="d">s</subfield>
   <subfield code="0">(DE-588)4177364-0</subfield>
   <subfield code="0">(DE-627)105349151</subfield>
   <subfield code="0">(DE-576)209977132</subfield>
   <subfield code="a">Regal</subfield>
   <subfield code="g">Recht</subfield>
   <subfield code="2">gnd</subfield>
  </datafield>
  <datafield tag="689" ind1="1" ind2=" ">
   <subfield code="5">(DE-627)</subfield>
  </datafield>
  <datafield tag="751" ind1=" " ind2=" ">
   <subfield code="a">Trier</subfield>
   <subfield code="0">(DE-588)4060877-3</subfield>
   <subfield code="0">(DE-627)106138014</subfield>
   <subfield code="0">(DE-576)209137053</subfield>
   <subfield code="4">uvp</subfield>
  </datafield>
  <datafield tag="787" ind1="0" ind2="8">
   <subfield code="i">Rezensiert in</subfield>
   <subfield code="a">Heine, Hans-Wilhelm, 1948 - 2012</subfield>
   <subfield code="t">[Rezension von: Ralf Fischer zu Cramburg, Das Schatzregal]</subfield>
   <subfield code="d">Stuttgart : Konrad Theiss Verlag, 2005</subfield>
   <subfield code="w">(DE-627)1683620186</subfield>
  </datafield>
  <datafield tag="787" ind1="0" ind2="8">
   <subfield code="i">Rezension</subfield>
   <subfield code="a">Fechner, Frank, 1958 - </subfield>
   <subfield code="t">[Rezension von: Fischer zu Cramburg, Ralf, Das Schatzregal, der obrigkeitliche Anspruch auf das Eigentum an Schatzfunden in den deutschen Rechten]</subfield>
   <subfield code="d">2003</subfield>
   <subfield code="w">(DE-627)50869504X</subfield>
   <subfield code="w">(DE-576)9508695048</subfield>
  </datafield>
  <datafield tag="787" ind1="0" ind2="8">
   <subfield code="i">Rezension</subfield>
   <subfield code="a">Fechner, Frank, 1958 - </subfield>
   <subfield code="t">[Rezension von: Fischer zu Cramburg, Ralf, Das Schatzregal, der obrigkeitliche Anspruch auf das Eigentum an Schatzfunden in den deutschen Rechten]</subfield>
   <subfield code="d">2003</subfield>
   <subfield code="w">(DE-627)508694698</subfield>
  </datafield>
  <datafield tag="787" ind1="0" ind2="8">
   <subfield code="i">Rezension</subfield>
   <subfield code="a">Fechner, Frank, 1958 - </subfield>
   <subfield code="t">Ralf Fischer zu Cramburg: Das Schatzregal</subfield>
   <subfield code="d">2003</subfield>
   <subfield code="w">(DE-627)1475230990</subfield>
   <subfield code="w">(DE-576)405230990</subfield>
  </datafield>
  <datafield tag="787" ind1="0" ind2="8">
   <subfield code="i">Rezensiert in</subfield>
   <subfield code="a">Paulke, Matthias</subfield>
   <subfield code="t">[Rezension von: Fischer zu Cramburg, Ralf, Das Schatzregal, der obrigkeitliche Anspruch auf das Eigentum an Schatzfunden in den deutschen Rechten]</subfield>
   <subfield code="d">2002</subfield>
   <subfield code="w">(DE-627)1700600761</subfield>
  </datafield>
  <datafield tag="810" ind1="2" ind2=" ">
   <subfield code="a">Gesellschaft für Historische Hilfswissenschaften</subfield>
   <subfield code="t">Veröffentlichungen der Gesellschaft für Historische Hilfswissenschaften</subfield>
   <subfield code="v">6</subfield>
   <subfield code="9">6</subfield>
   <subfield code="w">(DE-627)523382634</subfield>
   <subfield code="w">(DE-576)02696502X</subfield>
   <subfield code="w">(DE-600)2267794-X</subfield>
   <subfield code="7">ns</subfield>
  </datafield>
  <datafield tag="856" ind1="4" ind2="2">
   <subfield code="u">https://swbplus.bsz-bw.de/bsz096253657inh.htm</subfield>
   <subfield code="m">B:DE-576;DE-14</subfield>
   <subfield code="q">application/pdf</subfield>
   <subfield code="v">20100315160158</subfield>
   <subfield code="x">Verlag</subfield>
   <subfield code="3">Inhaltsverzeichnis</subfield>
  </datafield>
  <datafield tag="935" ind1=" " ind2=" ">
   <subfield code="a">SAXB</subfield>
  </datafield>
  <datafield tag="935" ind1=" " ind2=" ">
   <subfield code="i">Blocktest</subfield>
  </datafield>
  <datafield tag="936" ind1="r" ind2="v">
   <subfield code="a">NF 1150</subfield>
   <subfield code="b">Denkmalschutz, Ausgrabungsrecht</subfield>
   <subfield code="k">Geschichte</subfield>
   <subfield code="k">Ur- und Frühgeschichte / Prähistorische Archäologie</subfield>
   <subfield code="k">Allgemeines</subfield>
   <subfield code="k">Denkmalschutz, Ausgrabungsrecht</subfield>
   <subfield code="0">(DE-627)1271449838</subfield>
   <subfield code="0">(DE-625)rvk/125206:</subfield>
   <subfield code="0">(DE-576)201449838</subfield>
  </datafield>
  <datafield tag="936" ind1="r" ind2="v">
   <subfield code="a">NT 3500</subfield>
   <subfield code="b">Einzelne Regalien und Privilegien</subfield>
   <subfield code="k">Geschichte</subfield>
   <subfield code="k">Allgemeine Rechts-, Verfassungs- und Verwaltungsgeschichte</subfield>
   <subfield code="k">Darstellungen zur Rechts-, Verfassungs- und Verwaltungsgeschichte</subfield>
   <subfield code="k">Geschichte einzelner Rechtsinstitute</subfield>
   <subfield code="k">Einzelne Regalien und Privilegien</subfield>
   <subfield code="0">(DE-627)1271538512</subfield>
   <subfield code="0">(DE-625)rvk/131058:</subfield>
   <subfield code="0">(DE-576)201538512</subfield>
  </datafield>
  <datafield tag="936" ind1="r" ind2="v">
   <subfield code="a">PD 7000</subfield>
   <subfield code="b">Fund (BF Fundrecht), Ersitzung, Aneignung herrenloser Sachen</subfield>
   <subfield code="k">Rechtswissenschaft</subfield>
   <subfield code="k">Bürgerliches Recht, Privatrecht allgemein</subfield>
   <subfield code="k">Sachenrecht</subfield>
   <subfield code="k">Bewegliche Sache</subfield>
   <subfield code="k">Eigentum</subfield>
   <subfield code="k">Fund (BF Fundrecht), Ersitzung, Aneignung herrenloser Sachen</subfield>
   <subfield code="0">(DE-627)1271175053</subfield>
   <subfield code="0">(DE-625)rvk/135336:</subfield>
   <subfield code="0">(DE-576)201175053</subfield>
  </datafield>
  <datafield tag="936" ind1="r" ind2="v">
   <subfield code="a">PW 5600</subfield>
   <subfield code="b">Darstellungen zu einzelnen Regalien und Privilegien</subfield>
   <subfield code="k">Rechtswissenschaft</subfield>
   <subfield code="k">Deutsche und ausländische Rechtsgeschichte</subfield>
   <subfield code="k">Darstellungen zur deutschen Rechtsgeschichte(PW 4200 auch für ausländische Rechtsgeschichte)</subfield>
   <subfield code="k">Darstellungen zu einzelnen Regalien und Privilegien</subfield>
   <subfield code="0">(DE-627)1271359987</subfield>
   <subfield code="0">(DE-625)rvk/140930:</subfield>
   <subfield code="0">(DE-576)201359987</subfield>
  </datafield>
  <datafield tag="936" ind1="r" ind2="v">
   <subfield code="a">NZ 10550</subfield>
   <subfield code="b">Rechtsgeschichte, Verfassungs- und Verwaltungsgeschichte</subfield>
   <subfield code="k">Geschichte</subfield>
   <subfield code="k">Regionale Landeskunde</subfield>
   <subfield code="k">Landesgeschichte Sachsen</subfield>
   <subfield code="k">Rechtsgeschichte, Verfassungs- und Verwaltungsgeschichte</subfield>
   <subfield code="0">(DE-627)1270818171</subfield>
   <subfield code="0">(DE-625)rvk/132425:</subfield>
   <subfield code="0">(DE-576)200818171</subfield>
  </datafield>
  <datafield tag="936" ind1="b" ind2="k">
   <subfield code="a">15.13</subfield>
   <subfield code="j">Numismatik</subfield>
   <subfield code="j">Sphragistik</subfield>
   <subfield code="0">(DE-627)106404598</subfield>
  </datafield>
  <datafield tag="936" ind1="b" ind2="k">
   <subfield code="a">86.09</subfield>
   <subfield code="j">Rechtsgeschichte</subfield>
   <subfield code="0">(DE-627)106413481</subfield>
  </datafield>
  <datafield tag="936" ind1="b" ind2="k">
   <subfield code="a">15.19</subfield>
   <subfield code="j">Vor- und Frühgeschichte</subfield>
   <subfield code="q">coli-conc RVK-&gt;BK</subfield>
   <subfield code="q">https://coli-conc.gbv.de/api/mappings/75cc445c-571d-40a5-a765-030d7671b9ad</subfield>
   <subfield code="0">(DE-627)10640329X</subfield>
  </datafield>
  <datafield tag="936" ind1="b" ind2="k">
   <subfield code="a">15.48</subfield>
   <subfield code="j">Sachsen</subfield>
   <subfield code="j">Sachsen-Anhalt</subfield>
   <subfield code="j">Thüringen</subfield>
   <subfield code="x">Geschichte</subfield>
   <subfield code="q">coli-conc RVK-&gt;BK</subfield>
   <subfield code="q">https://coli-conc.gbv.de/api/mappings/12049542-37ca-4bba-bde3-d461262ae937</subfield>
   <subfield code="0">(DE-627)181571048</subfield>
  </datafield>
  <datafield tag="936" ind1="b" ind2="k">
   <subfield code="a">86.21</subfield>
   <subfield code="j">Sachenrecht</subfield>
   <subfield code="q">coli-conc RVK-&gt;BK</subfield>
   <subfield code="q">https://coli-conc.gbv.de/api/mappings/7b250b40-2a8d-4cdf-8f65-d23845261b1a</subfield>
   <subfield code="0">(DE-627)106413430</subfield>
  </datafield>
  <datafield tag="951" ind1=" " ind2=" ">
   <subfield code="a">BO</subfield>
  </datafield>
  <datafield tag="990" ind1=" " ind2=" ">
   <subfield code="a">Deutschland</subfield>
  </datafield>
  <datafield tag="990" ind1=" " ind2=" ">
   <subfield code="a">Schatzfund</subfield>
  </datafield>
  <datafield tag="990" ind1=" " ind2=" ">
   <subfield code="a">Regal</subfield>
  </datafield>
  <datafield tag="990" ind1=" " ind2=" ">
   <subfield code="a">Deutschland</subfield>
  </datafield>
  <datafield tag="990" ind1=" " ind2=" ">
   <subfield code="a">Schatzfund</subfield>
  </datafield>
  <datafield tag="990" ind1=" " ind2=" ">
   <subfield code="a">Regal</subfield>
  </datafield>
  <datafield tag="991" ind1=" " ind2=" ">
   <subfield code="a">Rezensiertes Werk</subfield>
  </datafield>
  <datafield tag="999" ind1=" " ind2=" ">
   <subfield code="a">KXP-PPN33781340X</subfield>
   <subfield code="e">458195858X</subfield>
  </datafield>
 </record>
</collection>
